000 00314nam a2200121 a 4500
005 20140414132114.0
008 110824s19uu xx 00 eng d
050 _aFIC
_bO2 1960
100 _aO'Dell, Scott
245 _aIsland of the blue dolphins.
260 _aNew York :
_bRandom House,
_c1960.
999 _c114854
_d114854